000 00563nam a2200169Ia 4500
003 GCL
008 140319s9999 xx 000 0 ara d
040 _aGCL /
_cGCL
082 0 4 _a813.01
_bع س
100 1 _aعبدالله عبدالرحمن العتيق
245 1 0 _aسكون المرأة المتوحشة /
_cعبدالله عبدالرحمن العتيق
300 _a110 ص
490 _aالهيئة العامة للاستعلامات
_v0
650 0 4 _aالادب العربى
650 0 4 _aالقصص العربية القصيرة
942 _2ddc
_cBK
999 _c47380
_d47380